LEADER 01439nas a2200265 i 4500 001 000000250950 003 CaOOAMICUS 005 20160826000000.0 008 160826b2016 vc uu u0 0mul r 013 $a229855 040 $aSeMil$bita 245 10$aLove is Our Mission, the Family Fully Alive :$bPhiladelpia, 22-27 September 2015. 260 $a[Murcia] :$bUCAM, Universidad Católica San Antonio,$c2016. 260 $aCittą del Vaticano :$bPontificium Consilium pro Familia,$c2016. 300 $a925 p., 16 p. di tav. :$bgrafici ;$c24 cm. 500 $aIn testa al front. : World Meeting of Families 2015, Philadelphia. - Atti dell'8 Incontro Mondiale delle Famiglie. 700 1 $aIncontro Mondiale delle Famiglie <8. ; 2015 ; Philadelphia>.$0(OLS)http://semarc/name/83465 773 0 $tFamilia et Vita.$dCittą del Vaticano : Pontificium Consilium pro Familia, 1996.$w()26385 774 0 $t[vedi periodico].$w()289567 850 $aSeMil 852 $aSeMil$W1$xVenegono$y1$m$j2960$B201296$CSeMilBibl$Z2$F0 $82 961 $aAbbonamento: Pontificium Consilium pro Familia 996 $6245$aLove is Our Mission, the Family Fully Alive :$bPhiladelpia, 22-27 September 2015$9(OLS)http://semarc/title/353084 996 $6260$aCittą del Vaticano :$bPontificium Consilium pro Familia$9(OLS)http://semarc/publisher/36806 996 $6260$a[Murcia] :$bUCAM, Universidad Católica San Antonio$9(OLS)http://semarc/publisher/53139 LEADER 01077nam a2200241 i 4500 001 000000036737 003 CaOOAMICUS 005 20121126000000.0 008 121126s1990 it u000 u ita u 013 $a6490 040 $aSeMil$bita 245 10$a20. Sinodo Diocesano della Chiesa novarese /$cindetto e promulgato da mons. Aldo Del Monte. 260 $a[S.l. :$bs.n.],$c1990$e(Novara :$fGrafica Tagliabue,$g1990) 300 $aXXIX, 413 p. :$bill. ;$c25 cm. 650 4$aSinodi diocesani - Novara.$0(OLS)http://semarc/subject/7156 700 1 $aSinodo Diocesano <20. ; 1988-1990 ; Novara>.$0(OLS)http://semarc/name/17381 700 1 $aDel Monte, Aldo,$c.$0(OLS)http://semarc/name/7669 710 2 $aDiocesi di Novara.$0(OLS)http://semarc/name/2455 850 $aSeMil 852 $aSeMil$W1$xVenegono$y1$m2J I 223$j2892$B2892$CSeMilBibl$Z2$F2892 $81 961 $aOmaggio: Casa editrice 996 $6245$a20. Sinodo Diocesano della Chiesa novarese$9(OLS)http://semarc/title/51043 996 $6260$a[S.l. :$bs.n.]$9(OLS)http://semarc/publisher/29751